Diseño d eun protocolo para el control del proceso de una planta piloto de fermentación con jugo de pulpa de café
Đã lưu trong:
| Tác giả chính: | |
|---|---|
| Định dạng: | Sách |
| Ngôn ngữ: | Spanish |
| Được phát hành: |
San José, Costa Rica
2016
|
| Những chủ đề: | |
| Các nhãn: |
Thêm thẻ
Không có thẻ, Là người đầu tiên thẻ bản ghi này!
|
MARC
| LEADER | 00000nam a22000007a 4500 | ||
|---|---|---|---|
| 003 | 012552 | ||
| 005 | 20221231144143.0 | ||
| 008 | 170227b2016 cr a|||| |m|| 00| ||spa d | ||
| 040 | |c cru CEDI | ||
| 090 | |a TFG 7703 | ||
| 100 | |9 6744 |a Llobeth Blandino, María Ángels | ||
| 245 | |a Diseño d eun protocolo para el control del proceso de una planta piloto de fermentación con jugo de pulpa de café | ||
| 260 | |a San José, Costa Rica |c 2016 | ||
| 300 | |a ix,95[163] ; ilustraciones a color | ||
| 500 | |a Proyecto de graduación (licenciatura en ingeniería química)--Universidad de Costa Rica. Facultad de Ingeniería. Escuela de Ingeniería Química | ||
| 650 | |x FERMENTACION |x LEVADURAS |x COOPETARRAZU (COSTA RICA) |x BEBIDAS ALCOHOLICAS - INDUSTRIA Y COMERCIO |9 6745 | ||
| 942 | |c TFG | ||
| 999 | |c 17666 |d 17666 | ||
